[Event "Washington State-chB"]
[Site "Kirkland"]
[Date "2020.02.16"]
[Round "7"]
[White "Frantz, Joseph"]
[Black "Abramson, Dan"]
[Result "1-0"]
[WhiteElo "1927"]
[BlackElo "1833"]
[PlyCount "111"]
[EventDate "2020.02.08"]
[EventType "tourn"]
[EventRounds "9"]
[EventCountry "USA"]
[SourceTitle "EXT 2023"]
[Source "ChessBase"]
[SourceDate "2022.10.05"]
[SourceVersion "1"]
[SourceVersionDate "2022.10.05"]
[SourceQuality "1"]

1. d4 Nf6 2. c4 e6 3. Nf3 c5 4. d5 exd5 5. cxd5 d6 6. Nc3 g6 7. e4 Bg7 8. Be2 0-0 9. 0-0 Bg4 10. Bf4 a6 11. a4 Re8 12. Nd2 Bxe2 13. Qxe2 Nh5 14. Be3 Nd7 15. Rae1 Rb8 16. f4 b5 17. axb5 axb5 18. Nxb5 Qb6 19. Na3 Bxb2 20. Nac4 Qa6 21. Qf3 Re7 22. e5 dxe5 23. d6 e4 24. Qh3 Re6 25. f5 Rxd6 26. fxg6 hxg6 27. Nxd6 Qxd6 28. Nxe4 Qd3 29. Ng5 Re8 30. Qf3 Ne5 31. Qf2 Bc3 32. Rd1 Qc4 33. h3 f6 34. Nf3 Nd3 35. Rxd3 Qxd3 36. Qa2+ c4 37. Bf2 Re2 38. Qa8+ Kh7 39. Qb7+ Kh6 40. Qb8 Kh7 41. Rb1 Ng7 42. Rb7 Qd1+ 43. Kh2 Rxf2 44. Qc7 f5 45. Ng5+ Kh6 46. Nf7+ Kh5 47. Qg3 Qd2 48. Rb8 Ne6 49. Rb6 Nf8 50. Rb8 Nd7 51. Rd8 Qf4 52. Rxd7 Qxg3+ 53. Kxg3 Be1 54. Kh2 c3 55. Rd8 g5 56. Rd6 1-0

[Event "Washington State-chB"]
[Site "Kirkland"]
[Date "2020.02.08"]
[Round "1"]
[White "Abramson, Dan"]
[Black "Nguyen, Thanh Tien"]
[Result "0-1"]
[WhiteElo "1833"]
[BlackElo "1985"]
[PlyCount "50"]
[EventDate "2020.02.08"]
[EventType "tourn"]
[EventRounds "9"]
[EventCountry "USA"]
[SourceTitle "EXT 2023"]
[Source "ChessBase"]
[SourceDate "2022.10.05"]
[SourceVersion "1"]
[SourceVersionDate "2022.10.05"]
[SourceQuality "1"]

1. c4 Nf6 2. Nc3 g6 3. e4 d6 4. d4 Bg7 5. Nf3 0-0 6. Be2 Na6 7. 0-0 c5 8. d5 Rb8 9. Bf4 Nc7 10. Re1 b5 11. cxb5 a6 12. a4 Bd7 13. bxa6 Rxb2 14. Rb1 Qb8 15. Qd3 Nh5 16. a7 Qb3 17. Bd2 Bxc3 18. Qxc3 Rxb1 19. Qa5 Rxe1+ 20. Nxe1 Qb7 21. Bxh5 gxh5 22. Bh6 Qb4 23. Qxb4 cxb4 24. Bxf8 Kxf8 25. Nd3 b3 0-1

[Event "British Columbia-Washington"]
[Site "Victoria"]
[Date "2020.01.19"]
[Round "5.2"]
[White "Kaufmann, Raymond"]
[Black "Abramson, Dan"]
[Result "1-0"]
[WhiteElo "2266"]
[BlackElo "1824"]
[PlyCount "55"]
[EventDate "2020.01.17"]
[EventType "team-match"]
[EventRounds "5"]
[EventCountry "CAN"]
[SourceTitle "EXT 2023"]
[Source "ChessBase"]
[SourceDate "2022.10.05"]
[SourceVersion "1"]
[SourceVersionDate "2022.10.05"]
[SourceQuality "1"]
[WhiteTeam "British Columbia"]
[BlackTeam "Washington"]
[WhiteTeamCountry "CAN"]
[BlackTeamCountry "USA"]

1. e4 e6 2. d4 d5 3. exd5 exd5 4. Nf3 Bd6 5. c4 dxc4 6. Bxc4 Nf6 7. 0-0 0-0 8. Bg5 h6 9. Bh4 Bg4 10. h3 Bh5 11. g4 Bg6 12. Ne5 Bxe5 13. dxe5 Qxd1 14. Rxd1 Nfd7 15. f4 Nb6 16. Bb3 Be4 17. Nc3 Bc6 18. a4 a5 19. Rac1 Na6 20. Nb5 Rfe8 21. Rd2 Nd7 22. Rxc6 bxc6 23. Rxd7 Nc5 24. Bxf7+ Kf8 25. Bxe8 cxb5 26. Rd5 Nxa4 27. Bc6 Rb8 28. e6 1-0

[Event "British Columbia-Washington"]
[Site "Victoria"]
[Date "2020.01.18"]
[Round "3.6"]
[White "Gansvind, Valeriya I"]
[Black "Abramson, Dan"]
[Result "1-0"]
[WhiteElo "2081"]
[BlackElo "1824"]
[PlyCount "47"]
[EventDate "2020.01.17"]
[EventType "team-match"]
[EventRounds "5"]
[EventCountry "CAN"]
[SourceTitle "EXT 2023"]
[Source "ChessBase"]
[SourceDate "2022.10.05"]
[SourceVersion "1"]
[SourceVersionDate "2022.10.05"]
[SourceQuality "1"]
[WhiteTeam "British Columbia"]
[BlackTeam "Washington"]
[WhiteTeamCountry "CAN"]
[BlackTeamCountry "USA"]

1. d4 Nf6 2. Bg5 c5 3. d5 Qb6 4. Nc3 Qxb2 5. Bd2 Qb6 6. e4 d6 7. Rb1 Qd8 8. f4 e6 9. Nf3 exd5 10. exd5 Be7 11. Bd3 Nbd7 12. 0-0 Nb6 13. Re1 0-0 14. a4 c4 15. Bf1 Rb8 16. Be3 Bf5 17. h3 Re8 18. a5 Nc8 19. a6 Qa5 20. Rxb7 Rxb7 21. axb7 Nb6 22. Nd4 Qxc3 23. Nxf5 Bf8 24. Bd2 1-0

[Event "British Columbia-Washington"]
[Site "Victoria"]
[Date "2020.01.17"]
[Round "1.10"]
[White "Lehingrat, Callum"]
[Black "Abramson, Dan"]
[Result "1/2-1/2"]
[WhiteElo "1893"]
[BlackElo "1824"]
[PlyCount "153"]
[EventDate "2020.01.17"]
[EventType "team-match"]
[EventRounds "5"]
[EventCountry "CAN"]
[SourceTitle "EXT 2023"]
[Source "ChessBase"]
[SourceDate "2022.10.05"]
[SourceVersion "1"]
[SourceVersionDate "2022.10.05"]
[SourceQuality "1"]
[WhiteTeam "British Columbia"]
[BlackTeam "Washington"]
[WhiteTeamCountry "CAN"]
[BlackTeamCountry "USA"]

1. Nf3 Nf6 2. c4 g6 3. Nc3 c5 4. e4 Nc6 5. d4 cxd4 6. Nxd4 d6 7. Be2 Nxd4 8. Qxd4 Bg7 9. Be3 0-0 10. Qd2 Ng4 11. Bd4 Bh6 12. Qd1 e5 13. Bxg4 exd4 14. Nd5 f5 15. exf5 Re8+ 16. Kf1 Bxf5 17. Bxf5 gxf5 18. Qxd4 Bg7 19. Qd3 Re4 20. Rb1 Qa5 21. Ne3 Rae8 22. a3 Rd4 23. Qxf5 Qd2 24. Qc2 Qxc2 25. Nxc2 Rd2 26. Ne3 Rf8 27. f3 Bd4 28. Re1 Re8 29. Nd1 Rxe1+ 30. Kxe1 Rxg2 31. h4 Bxb2 32. Nxb2 Rxb2 33. Rg1+ Kf7 34. Rg5 Rb3 35. Rh5 Kg6 36. Rd5 Rxf3 37. Rxd6+ Rf6 38. Rd5 Rf4 39. Rd7 Rxc4 40. Rxb7 Ra4 41. h5+ Kh6 42. Rb5 Rxa3 43. Kd2 a5 44. Ke2 a4 45. Ra5 Ra1 46. Kf2 a3 47. Kg2 Kg7 48. Ra6 Ra2+ 49. Kg3 Kf7 50. Ra7+ Kg8 51. h6 Ra1 52. Kg2 a2 53. Kh2 Kf8 54. Kg2 Ke8 55. Kh2 Kd8 56. Kg2 Kc8 57. Kh2 Kb8 58. Ra3 Kc7 59. Ra6 Kb7 60. Ra3 Kc6 61. Ra5 Kd6 62. Ra6+ Kd5 63. Ra5+ Kc4 64. Ra8 Kd3 65. Kg2 Ke3 66. Ra6 Kf4 67. Ra5 Kg4 68. Kh2 Kf3 69. Ra3+ Kg4 70. Ra5 Rb1 71. Rxa2 Rb6 72. Ra4+ Kg5 73. Kg3 Rb3+ 74. Kg2 Kxh6 75. Ra8 Kg5 76. Ra5+ Kh4 77. Ra4+ 1/2-1/2

[Event "Washington State-chB"]
[Site "Redmond"]
[Date "2019.02.17"]
[Round "4"]
[White "Abramson, Dan"]
[Black "Perez, Ignacio"]
[Result "0-1"]
[WhiteElo "1926"]
[BlackElo "2004"]
[PlyCount "114"]
[EventDate "2019.02.16"]
[EventType "tourn"]
[EventRounds "9"]
[EventCountry "USA"]
[SourceTitle "EXT 2023"]
[Source "ChessBase"]
[SourceDate "2022.10.05"]
[SourceVersion "1"]
[SourceVersionDate "2022.10.05"]
[SourceQuality "1"]

1. c4 Nf6 2. Nc3 g6 3. e4 d6 4. d4 Bg7 5. Nf3 0-0 6. Be2 Nbd7 7. 0-0 e5 8. Re1 exd4 9. Nxd4 Re8 10. Bf1 c6 11. Rb1 Qc7 12. h3 a6 13. Bf4 Ne5 14. Qd2 b6 15. Bh2 Bb7 16. Rbd1 Rad8 17. f4 Ned7 18. Nc2 Nc5 19. Bd3 b5 20. cxb5 axb5 21. Kh1 Qc8 22. Nb4 Nxd3 23. Qxd3 Qa8 24. a3 Bf8 25. Re2 Nd7 26. Red2 Nb6 27. Bg3 Nc4 28. Rf2 Bg7 29. Bh4 Rc8 30. f5 d5 31. fxg6 fxg6 32. exd5 Re3 33. Qb1 c5 34. Nc2 Bxc3 35. bxc3 Re4 36. Bf6 Bxd5 37. Qxb5 Qc6 38. Qxc6 Bxc6 39. Bg5 Re5 40. Bf6 Re6 41. Rdf1 Rce8 42. Bg5 h5 43. Kh2 Ba4 44. Rf4 Bxc2 45. Rxc4 Bd3 46. Rff4 Bxc4 47. Rxc4 Re5 48. h4 Kf7 49. Kg3 Ke6 50. Bf4 Kd5 51. Ra4 Re4 52. Ra6 R8e6 53. Ra8 Kc4 54. Bd2 Rg4+ 55. Kf3 Rf6+ 56. Ke3 Rxg2 57. a4 Re6+ 0-1

[Event "Washington State-chB"]
[Site "Redmond"]
[Date "2019.02.17"]
[Round "3"]
[White "Perestjuk, Marko"]
[Black "Abramson, Dan"]
[Result "1/2-1/2"]
[WhiteElo "2140"]
[BlackElo "1926"]
[PlyCount "131"]
[EventDate "2019.02.16"]
[EventType "tourn"]
[EventRounds "9"]
[EventCountry "USA"]
[SourceTitle "EXT 2023"]
[Source "ChessBase"]
[SourceDate "2022.10.05"]
[SourceVersion "1"]
[SourceVersionDate "2022.10.05"]
[SourceQuality "1"]

1. e4 e6 2. d4 d5 3. Nd2 c5 4. exd5 exd5 5. Ngf3 Nf6 6. Bb5+ Bd7 7. Bxd7+ Nbxd7 8. 0-0 Be7 9. dxc5 Nxc5 10. Nb3 Nce4 11. Bf4 0-0 12. h3 Re8 13. c3 b5 14. Nfd4 Qd7 15. Qf3 a5 16. Rfd1 Rec8 17. a3 b4 18. axb4 axb4 19. Rxa8 Rxa8 20. cxb4 Bxb4 21. Be5 Re8 22. Bh2 Rc8 23. Qd3 Qa7 24. Bf4 Nc5 25. Nxc5 Bxc5 26. Be3 Qb6 27. Nf5 Re8 28. Bxc5 Qxc5 29. Qg3 g6 30. Nd4 Ne4 31. Qa3 Qb6 32. b4 Rc8 33. Qa5 Qf6 34. Nf3 Qb2 35. Qb6 Rc2 36. Qb8+ Kg7 37. Qe5+ Qxe5 38. Nxe5 Rxf2 39. Rxd5 Rb2 40. Rd4 f5 41. Nd3 Rb1+ 42. Kh2 Kf6 43. Rd7 h6 44. Rb7 Rb3 45. Rb6+ Ke7 46. Ne5 g5 47. Rxh6 g4 48. hxg4 fxg4 49. Nxg4 Rxb4 50. Ne3 Rb3 51. Nf5+ Kf7 52. Rh4 Ng5 53. Rf4 Kg6 54. Ne7+ Kg7 55. Nf5+ Kg6 56. g3 Rb2+ 57. Kh1 Nh3 58. Ne7+ Kg7 59. Rh4 Ng5 60. Rg4 Kf6 61. Nd5+ Kf5 62. Ne3+ Kf6 63. Rf4+ Kg6 64. Nc4 Ra2 65. Ne5+ Kg7 66. Rf5 1/2-1/2

[Event "Washington State-chB"]
[Site "Redmond"]
[Date "2019.02.16"]
[Round "2"]
[White "Abramson, Dan"]
[Black "Frantz, Joseph"]
[Result "0-1"]
[WhiteElo "1926"]
[BlackElo "1930"]
[PlyCount "86"]
[EventDate "2019.02.16"]
[EventType "tourn"]
[EventRounds "9"]
[EventCountry "USA"]
[SourceTitle "EXT 2023"]
[Source "ChessBase"]
[SourceDate "2022.10.05"]
[SourceVersion "1"]
[SourceVersionDate "2022.10.05"]
[SourceQuality "1"]

1. c4 Nf6 2. Nc3 g6 3. e4 d6 4. d4 Bg7 5. Nf3 0-0 6. Be2 e5 7. 0-0 Nc6 8. d5 Ne7 9. b4 Nh5 10. Re1 a5 11. bxa5 Rxa5 12. Nd2 Nf4 13. Bf1 f5 14. Nb3 Ra8 15. f3 h6 16. c5 g5 17. cxd6 cxd6 18. Nb5 fxe4 19. fxe4 Neg6 20. Be3 g4 21. g3 h5 22. Nxd6 Qxd6 23. Bc5 Qf6 24. Bxf8 Bxf8 25. gxf4 exf4 26. Qd4 Qxd4+ 27. Nxd4 Bc5 28. Red1 Ra4 29. Rac1 Rxd4 30. Rxc5 Rxd1 31. Rxc8+ Kf7 32. Rc7+ Kf6 33. Rxb7 Nh4 34. Rb2 Nf3+ 35. Kg2 Nd2 36. Bd3 Ke5 37. a4 Kd4 38. d6 Kxd3 39. d7 f3+ 40. Kg3 Nxe4+ 41. Kf4 Kc3 42. Rb8 f2 43. Rc8+ Kb4 0-1